000 00198nam a2200109Ia 4500
100 _a#N/A
942 _cBK
654 _aprocess
245 _aCreative Thinking
260 _b#N/A
546 _aENGLISH
999 _c23155
_d23155